LEADER 01668nam a2200349 i 4500 001 000000168032 003 CaOOAMICUS 005 20080128000000.0 008 080128s2007 it u000 u ita u 013 $a145432 020 $a978-88-89736-197 040 $aSeMil$bita 100 0 $aBenedictus XVI,$c.$0(OLS)http://semarc/name/298 240 14$aDer Gott des Glaubens und der Gott der Philosophen.$0(OLS)http://semarc/title/240414 245 13$aIl Dio della fede e il Dio dei filosofi :$bun contributo al problema della theologia naturalis /$cJoseph Ratzinger ; prolusione a Bonn nuovamente pubblicata e commentata da Heino Sonnemans. 260 $aVenezia :$bMarcianum Press,$ccopyr. 2007. 300 $a100 p. ;$c 21 cm. 490 0 $aTeologia [Marietti] ;$v3 500 $aSegue: Appendice (pp. 59-100). 650 4$aBenedetto XVI - Filosofia e fede.$0(OLS)http://semarc/subject/32030 700 1 $aSonnemans, Heino.$0(OLS)http://semarc/name/21443 830 0$aTeologia ;$v3.$0(OLS)http://semarc/title/278 850 $aSeMil 852 $aSeMil$W1$xVenegono$y1$m2A I 11$j119141$B119141$CSeMilBibl$Z2$F131286 $81 900 1 $aRatzinger, Joseph,$d<1927-2022>. 900 0 $aBenedetto XVI$c. 961 $aAcquisto: Marcianum Press 996 $6020$a978-88-89736-197$9(OLS)http://semarc/number/154730 996 $6245$aIl Dio della fede e il Dio dei filosofi :$bun contributo al problema della theologia naturalis$9(OLS)http://semarc/title/240413 996 $6260$aVenezia :$bMarcianum Press$9(OLS)http://semarc/publisher/31536 LEADER 01037nam a2200253 i 4500 001 000000202363 003 CaOOAMICUS 005 20110521000000.0 008 110521s1968 it u000 u ita u 013 $a181071 040 $aSeMil$bita 100 1 $aFlorita, Giorgio.$0(OLS)http://semarc/name/73134 245 13$aLe due Italie /$cdi Giorgio Florita. 260 $aMilano :$bDall'Oglio,$c1968. 300 $a193 p. ;$c18 cm. 490 0 $aI corvi : collana universale moderna ;$vNumero173., 43. della Sezione Verde 490 0 $aI corvi. Sez. verde ;$v43 650 4$aItalia - Storia.$0(OLS)http://semarc/subject/579 830 2$aI corvi ;$vNumero173., 43. della Sezione Verde.$0(OLS)http://semarc/title/12990 830 2$aI corvi. Sez. verde ;$v43.$0(OLS)http://semarc/title/24190 850 $aSeMil 852 $aSeMil$W1$xVenegono$y1$m3U I 373$j152886$B152886$CSeMilBibl$Z2$F163905 $81 996 $6245$aLe due Italie$9(OLS)http://semarc/title/292946 996 $6260$aMilano :$bDall'Oglio$9(OLS)http://semarc/publisher/30217